Ends in "-ort" - Statistics

General Stats
  • This quiz has been taken 47 times
  • The average score is 12 of 20
Answer Stats
Hint Answer % Correct
Where ships dock Port
100%
Not tall at all Short
98%
To bring goods into a country Import
88%
To send goods out of a country Export
86%
A derisive laugh, or to ingest cocaine through the nose Snort
83%
Vacation destination, or a spa Resort
81%
Fun and games Sport
67%
A reply, sometimes witty Retort
64%
To arrange things by their characteristics, perhaps alphabetically Sort
62%
To rob someone by means of threats or coercion Extort
57%
To stop something before it begins or before it ends Abort
55%
To twist out of shape, often as with the truth Distort
52%
A formal accounting, or the act of presenting one Report
48%
Where troops may be stationed Fort
45%
A wrongful act, in legalese Tort
43%
To frolic or prance about Cavort
33%
Messrs. Sahl, Kondracke or Drucker Mort
33%
Warm weather attire for ladies Skort
29%
Malt-based extract used in making beer Wort
21%
Klaatu's robot pal in "The Day the Earth Stood Still" (1951) Gort
10%
No matching quizzes found
Score Distribution
Percent of People with Each Score
Percentile by Number Answered
Your Score History
You have not taken this quiz